000
00210 a2200097 4500
001
31468
100
_a
Gregory, Kate
245
_a
Using Visual C++ 6
260
_a
New Delhi
_b
PHI
_c
1998
090
_c
21352
_d
21352
942
_a
NUST-CAE
_c
M
_c
12617
999
_c
266541
_d
266541